| 000 | 00601nam a2200193 u 4500 | ||
|---|---|---|---|
| 005 | 20210223132952.0 | ||
| 008 | 160606s2008 es r 000 0 spa d | ||
| 020 | _a9788484703181 | ||
| 035 | _aUPN01000211163 | ||
| 049 | _aI | ||
| 050 | 4 |
_aPZ14.9 _bR3.4 |
|
| 245 | 0 | 0 |
_aRafara : _bun cuento popular africano / _ctr. Rafael RĂos ; il. por Anne-Catherine de Boel. |
| 260 |
_aBarcelona, Esp. : _bCorimbo, _cc2008. |
||
| 300 |
_a[46] p. : _bprincipalmente il. col. |
||
| 534 |
_pTitulo original: _tRafara |
||
| 650 | 4 |
_aCUENTOS INFANTILES AFRICANOS _911560 |
|
| 905 | _aInfantil | ||
| 999 |
_c183264 _d183264 |
||